Flags of Countries That Border Argentina - Statistics

General Stats
  • This quiz has been taken 2,199 times
  • The average score is 5 of 5
Answer Stats
Picture Answer % Correct
Brazil
100%
Chile
99%
Uruguay
98%
Paraguay
97%
Bolivia
94%
No matching quizzes found
Score Distribution
Percent of People with Each Score
Percentile by Number Answered
Your Score History
You have not taken this quiz